| 000 | 00943nam0a22002411i 4500 | ||
|---|---|---|---|
| 001 | rc\695901 | ||
| 005 | 20240723220630.0 | ||
| 035 | _a(NLR Aleph) 005932299 | ||
| 090 |
_a6591289 _c6591289 |
||
| 100 | _a20031121d1985 u |0rusy50 ca | ||
| 101 | 0 | _arus | |
| 102 | _aRU | ||
| 105 | _ay ||||||||| | ||
| 200 | 1 |
_aПрилагательные вкуса в современном русском языке _e(В аспекте номинации) _eАвтореф. дис. на соиск. учен. степ. канд. филол. наук _e(10.02.01) |
|
| 210 |
_aМ. _d1985 |
||
| 215 | _a17 с. | ||
| 300 | _aВ надзаг.: АПН СССР, НИИ преподавания рус. яз. в нац. шк. | ||
| 320 | _aБиблиогр.: с. 16-17 (7 назв.) | ||
| 700 | 1 |
_aЛечицкая _bЖ.В. _gЖанна Владимировна |
|
| 801 | 0 |
_aRU _bNLR _gpsbo |
|
| 801 | 1 |
_aRU _bELAR _2rusmarc |
|
| 852 |
_aNLR _j86-4/24559 |
||
| 942 | _cBOOK | ||